00691nam a22001577a 4500008004100000040005500041080002200096245028000118260003300398300001100431650001900442653001400461653001300475700002100488700002400509230616b |||||||| |||| 00| 0 eng d aNational Science LibrarycNational Science Library a621.39(082.2)bQ0 aCommunications: bWireless in development countries and networks of the future c/ Springer, third IFIP TC 6 international conference, WCITD 2010 and IFIP TC 6 international conference, NF 2010 held as part of WCC 2010, Brisbane, Australia, 20-23 September 2010 proceedings  aNew York: bSpringer, c1998 a264p.  aCommunication  aNetworks  aScience  aPont, Ana (Ed.)  aPujolle, Guy (Ed.)